ਬਲ ਬਲ ਦੀਵੜੀਆ / (Record no. 109652)

MARC details
000 -LEADER
fixed length control field 00948nam a22002417a 4500
005 - DATE AND TIME OF LATEST TRANSACTION
control field 20170123164141.0
010 ## - LIBRARY OF CONGRESS CONTROL NUMBER
LC control number B-067127
020 ## - INTERNATIONAL STANDARD BOOK NUMBER
Terms of availability 160.00
035 ## - SYSTEM CONTROL NUMBER
System control number B-067127
040 ## - CATALOGING SOURCE
Original cataloging agency DPL
Language of cataloging PN
082 ## - DEWEY DECIMAL CLASSIFICATION NUMBER
Classification number 858
Item number ਅਮਿ੍ਤਾ
100 ## - MAIN ENTRY--PERSONAL NAME
Personal name ਪ੍ਰੀਤਮ, ਅਮਿ੍ਤਾ
9 (RLIN) 15510
245 ## - TITLE STATEMENT
Title ਬਲ ਬਲ ਦੀਵੜੀਆ /
Statement of responsibility, etc ਅਮਿ੍ਤਾ ਪ੍ਰੀਤਮ
246 ## - VARYING FORM OF TITLE
Title proper/short title Bal bal deevadia
Remainder of title by Amrita preetam
260 ## - PUBLICATION, DISTRIBUTION, ETC. (IMPRINT)
Place of publication, distribution, etc ਦਿੱਲੀ
Name of publisher, distributor, etc ਸ਼੍ਰੀ ਪ੍ਰਕਾਸ਼ਨ
270 ## - ADDRESS
Address 4/32 , ਸੁਭਾਸ਼ ਗਲੀ, ਵਿਸ਼ਵਾਸ ਨਗਰ , ਸ਼ਾਹਦਰਾ
City ਦਿੱਲੀ
Postal code 110032
300 ## - PHYSICAL DESCRIPTION
Extent 174p.
Other physical details 23cm(Hb)
650 ## - SUBJECT ADDED ENTRY--TOPICAL TERM
Topical term or geographic name as entry element ਪੰਜਾਬੀ- ਅਧਿਆਤਮ
9 (RLIN) 15511
650 ## - SUBJECT ADDED ENTRY--TOPICAL TERM
Topical term or geographic name as entry element ਪੰਜਾਬੀ ਸਾਹਿਤ
9 (RLIN) 779
650 ## - SUBJECT ADDED ENTRY--TOPICAL TERM
Topical term or geographic name as entry element Punjabi spirituality
9 (RLIN) 7454
650 ## - SUBJECT ADDED ENTRY--TOPICAL TERM
Topical term or geographic name as entry element Punjabi Literature
9 (RLIN) 781
942 ## - ADDED ENTRY ELEMENTS (KOHA)
Source of classification or shelving scheme Dewey Decimal Classification
Koha item type Punjabi Bks
Classification part 858
Call number suffix ਅਮਿ੍ਤਾ
Holdings
Withdrawn status Lost status Damaged status Not for loan Home library Current library Date acquired Source of acquisition Cost, normal purchase price Total Checkouts Full call number Barcode Date last seen Copy number Cost, replacement price Price effective from Koha item type
        Central Library Central Library 06/06/2015 Cen Lib / Ret 160.00   858 ਅਮਿ੍ਤਾ B-067127 06/06/2015 1 858.00 15/09/2016 Punjabi Bks

© Delhi Public Library
Hit Counter
free hit counter